| 000 | 00589nam a22001577a 4500 | ||
|---|---|---|---|
| 008 | 230324b |||||||| |||| 00| 0 eng d | ||
| 020 | _a0720415416 | ||
| 040 |
_aNational Science Library _cNational Science Library |
||
| 080 |
_aD 681.3:971.69(082.2) _bL7 |
||
| 245 |
_aSimulation of systems _c/ Proceedings of the 8th AICA Congress DELFT, August 23-28, 1976, Computing Centre Delft University of Technology |
||
| 260 |
_aAmsterdam: _bNorth-Holland Publishing Company, _c1977 |
||
| 300 | _axxii, 1122p. | ||
| 650 | _aInformation science | ||
| 700 | _aDekker, L (Ed.) | ||
| 942 |
_2udc _cPR |
||
| 999 |
_c14538 _d14538 |
||